<?xml version="1.0" encoding="UTF-8"?>
<record
    xmlns:xsi="http://www.w3.org/2001/XMLSchema-instance"
    xsi:schemaLocation="http://www.loc.gov/MARC21/slim http://www.loc.gov/standards/marcxml/schema/MARC21slim.xsd"
    xmlns="http://www.loc.gov/MARC21/slim">

  <leader>01179    a2200241   4500</leader>
  <datafield tag="999" ind1=" " ind2=" ">
    <subfield code="c">97434</subfield>
    <subfield code="d">97434</subfield>
  </datafield>
  <controlfield tag="003">NALT</controlfield>
  <controlfield tag="005">20210601072035.0</controlfield>
  <controlfield tag="008">200722b        th ||||| |||| 00| 0 tha d</controlfield>
  <datafield tag="020" ind1=" " ind2=" ">
    <subfield code="a">9786164870918</subfield>
  </datafield>
  <datafield tag="040" ind1=" " ind2=" ">
    <subfield code="a">NALT</subfield>
  </datafield>
  <datafield tag="050" ind1=" " ind2=" ">
    <subfield code="a">TK 5105.78</subfield>
    <subfield code="b">&#xE08;217&#xE04; 2563</subfield>
  </datafield>
  <datafield tag="100" ind1="0" ind2=" ">
    <subfield code="a">&#xE08;&#xE31;&#xE01;&#xE23;&#xE0A;&#xE31;&#xE22; &#xE42;&#xE2A;&#xE2D;&#xE34;&#xE19;&#xE17;&#xE23;&#xE4C;</subfield>
  </datafield>
  <datafield tag="245" ind1="1" ind2="0">
    <subfield code="a">&#xE04;&#xE39;&#xE48;&#xE21;&#xE37;&#xE2D;&#xE40;&#xE23;&#xE35;&#xE22;&#xE19;&#xE41;&#xE25;&#xE30;&#xE43;&#xE0A;&#xE49;&#xE07;&#xE32;&#xE19; mobile&amp;wireless networks lab with IoT &#xE09;&#xE1A;&#xE31;&#xE1A;&#xE2A;&#xE21;&#xE1A;&#xE39;&#xE23;&#xE13;&#xE4C; /</subfield>
    <subfield code="c">&#xE08;&#xE31;&#xE01;&#xE23;&#xE0A;&#xE31;&#xE22; &#xE42;&#xE2A;&#xE2D;&#xE34;&#xE19;&#xE17;&#xE23;&#xE4C;...[&#xE41;&#xE25;&#xE30;&#xE04;&#xE19;&#xE2D;&#xE37;&#xE48;&#xE19; &#xE46;].</subfield>
  </datafield>
  <datafield tag="250" ind1=" " ind2=" ">
    <subfield code="a">&#xE1E;&#xE34;&#xE21;&#xE1E;&#xE4C;&#xE04;&#xE23;&#xE31;&#xE49;&#xE07;&#xE17;&#xE35;&#xE48; 1.</subfield>
  </datafield>
  <datafield tag="260" ind1=" " ind2=" ">
    <subfield code="a">&#xE19;&#xE19;&#xE17;&#xE1A;&#xE38;&#xE23;&#xE35; : </subfield>
    <subfield code="b">&#xE44;&#xE2D;&#xE14;&#xE35;&#xE0B;&#xE35; &#xE1E;&#xE23;&#xE35;&#xE40;&#xE21;&#xE35;&#xE22;&#xE23;&#xE4C;, </subfield>
    <subfield code="c">2563.</subfield>
  </datafield>
  <datafield tag="300" ind1=" " ind2=" ">
    <subfield code="a">592 &#xE2B;&#xE19;&#xE49;&#xE32; :</subfield>
    <subfield code="b">&#xE20;&#xE32;&#xE1E;&#xE1B;&#xE23;&#xE30;&#xE01;&#xE2D;&#xE1A;, &#xE15;&#xE32;&#xE23;&#xE32;&#xE07; ;</subfield>
    <subfield code="c">23 &#xE0B;&#xE21;.</subfield>
  </datafield>
  <datafield tag="650" ind1=" " ind2="4">
    <subfield code="9">46347</subfield>
    <subfield code="a">&#xE40;&#xE04;&#xE23;&#xE37;&#xE2D;&#xE02;&#xE48;&#xE32;&#xE22;&#xE40;&#xE09;&#xE1E;&#xE32;&#xE30;&#xE17;&#xE35;&#xE48;&#xE44;&#xE23;&#xE49;&#xE2A;&#xE32;&#xE22;</subfield>
  </datafield>
  <datafield tag="650" ind1=" " ind2="4">
    <subfield code="9">5560</subfield>
    <subfield code="a">&#xE23;&#xE30;&#xE1A;&#xE1A;&#xE2A;&#xE37;&#xE48;&#xE2D;&#xE2A;&#xE32;&#xE23;&#xE44;&#xE23;&#xE49;&#xE2A;&#xE32;&#xE22; </subfield>
  </datafield>
  <datafield tag="700" ind1="0" ind2=" ">
    <subfield code="a">&#xE2A;&#xE38;&#xE17;&#xE18;&#xE34;&#xE1E;&#xE31;&#xE19;&#xE18;&#xE38;&#xE4C; &#xE41;&#xE2A;&#xE19;&#xE25;&#xE30;&#xE40;&#xE2D;&#xE35;&#xE22;&#xE14;</subfield>
    <subfield code="9">7455</subfield>
  </datafield>
  <datafield tag="850" ind1=" " ind2=" ">
    <subfield code="a">NALT</subfield>
  </datafield>
  <datafield tag="942" ind1=" " ind2=" ">
    <subfield code="2">lcc</subfield>
    <subfield code="c">GB</subfield>
  </datafield>
  <datafield tag="998" ind1=" " ind2=" ">
    <subfield code="c">DAO</subfield>
    <subfield code="j">104</subfield>
    <subfield code="k"> &#xE2A;&#xE32;&#xE22;&#xE1D;&#xE19; &#xE14;&#xE35;&#xE07;&#xE32;&#xE21;</subfield>
  </datafield>
  <datafield tag="952" ind1=" " ind2=" ">
    <subfield code="0">0</subfield>
    <subfield code="1">0</subfield>
    <subfield code="2">lcc</subfield>
    <subfield code="4">0</subfield>
    <subfield code="7">0</subfield>
    <subfield code="8">CGBL</subfield>
    <subfield code="a">NALT</subfield>
    <subfield code="b">NALT</subfield>
    <subfield code="c">GEN</subfield>
    <subfield code="d">2020-07-21</subfield>
    <subfield code="e">1</subfield>
    <subfield code="l">0</subfield>
    <subfield code="o">TK 5105.78 &#xE08;217&#xE04; 2563</subfield>
    <subfield code="p">3961211137</subfield>
    <subfield code="r">2020-08-04 00:00:00</subfield>
    <subfield code="w">2020-07-21</subfield>
    <subfield code="y">GB</subfield>
  </datafield>
</record>
